| 000 | 00561nam a2200205Ia 4500 | ||
|---|---|---|---|
| 999 |
_c36262 _d36262 |
||
| 001 | 2167 | ||
| 003 | GE_BSU | ||
| 005 | 20190527161342.0 | ||
| 008 | 181216s2007||||enk|||||||||||||| ||eng|| | ||
| 040 | _cGE_BSU | ||
| 041 | _aeng | ||
| 080 | _a811.111(075.8) C-94 | ||
| 100 |
_aCunningham, Sarah _91654 |
||
| 245 |
_aNew Cutting Edge Pre-Intermediate / _bStudents 'Book. |
||
| 264 |
_aEdinburgh, _c2007. |
||
| 300 |
_a174 p. ; _b28 cm. |
||
| 653 | _aინგლისური ენა | ||
| 700 |
_aMoor, Peter _eავტორი _91658 |
||
| 942 |
_cBK _2udc |
||